000
00254nam a2200109Ia 4500
005
20251222114405.0
008
251222s1900||||xx |||||||||||||| ||spa||
082
_a
DVD0070/S51/1951
245
0
_a
Milagro en Milan
264
_b
Cinematografiche
942
_c
DVD
999
_c
1806
_d
1806